Vývoj primárního etalonu pro měření elektrolytické konduktivity vodných roztoků v oblasti nízkých vodivostí od 0,055 μS/cm do 50 μS/cm
Salvato in:
| Autore principale: | |
|---|---|
| Altri autori: | |
| Natura: | Manoscritto Libro |
| Lingua: | slovacco ceco |
| Pubblicazione: |
2021
|
| Soggetti: | |
| Accesso online: | http://is.stuba.sk/zp/portal_zp.pl?podrobnosti=152795 |
| Tags: |
Nessun Tag, puoi essere il primo ad aggiungerne!!
|
MARC
| LEADER | 00000ntm a22000003a 4500 | ||
|---|---|---|---|
| 001 | stuzp71373 | ||
| 003 | SK-STU | ||
| 005 | 20210904210525.6 | ||
| 007 | ta | ||
| 008 | 150427s2015----xo-----f-mn---000-0-slo-d | ||
| 040 | |a STU |b slo | ||
| 041 | 0 | |a cze | |
| 100 | 1 | |a Vičarová, Martina |u 020020 |4 aut |U SjF Strojnícka fakulta |T SjF Ústav automatizácie, merania a aplikovanej informatiky |X 99398 |U J0020 |Y 802 |7 99398 | |
| 242 | 0 | 1 | |a Vývoj primárneho etalónu pre meranie elektrolytickej konduktivity vodných roztokov v oblasti nízkych vodivostí od 0,055 μS/cm do 50 μS/cm |y slo |
| 242 | 0 | 1 | |a Development of a Primary Standard for the Electrolytic Conductivity Measurement of Aqueous Solutions in the Low Conductivity Range from 0.055 μS/cm to 50 μS/cm |y eng |
| 245 | 1 | 0 | |a Vývoj primárního etalonu pro měření elektrolytické konduktivity vodných roztoků v oblasti nízkých vodivostí od 0,055 μS/cm do 50 μS/cm |
| 260 | |c 2021 | ||
| 650 | 4 | |a elektrolytická konduktivita |2 slo | |
| 650 | 4 | |a prietoková cela |2 slo | |
| 650 | 4 | |a primárny etalón |2 slo | |
| 650 | 4 | |a metrologická nadväznosť |2 slo | |
| 650 | 4 | |a neistota merania |2 slo | |
| 650 | 4 | |a elektrolytická konduktivita |2 cze | |
| 650 | 4 | |a průtočná cela |2 cze | |
| 650 | 4 | |a primární etalon |2 cze | |
| 650 | 4 | |a metrologická návaznost |2 cze | |
| 650 | 4 | |a nejistota měření |2 cze | |
| 650 | 4 | |a primary standard |2 eng | |
| 650 | 4 | |a electrolytic conductivity |2 eng | |
| 650 | 4 | |a flow cell |2 eng | |
| 650 | 4 | |a metrological traceability |2 eng | |
| 650 | 4 | |a measurement uncertainty |2 eng | |
| 700 | 1 | |a Tesař, Jiří |4 ths |X 5408 |7 A000005408 | |
| 856 | 4 | |u http://is.stuba.sk/zp/portal_zp.pl?podrobnosti=152795 | |
| 996 | |b 284J046675 |c J* 119076 |l JJST |s P |a 0 |w stuzp71373_0001 | ||